000
00279nam a22001097a 4500
008
211013b ||||| |||| 00| 0 eng d
050
_a
Periodical
245
_a
Exchange
260
_a
Netherlands
_b
Brill Publishers
_c
1990
300
_a
Not specified
942
_2
lcc
_c
PERIODICAL
999
_c
130761
_d
130761